Methodology of educational research / (Record no. 65640)

MARC details
000 -LEADER
fixed length control field 00834nam a22002297a 4500
005 - DATE AND TIME OF LATEST TRANSACTION
control field 20120411115531.0
008 - FIXED-LENGTH DATA ELEMENTS--GENERAL INFORMATION
fixed length control field 120411t xxu||||| |||| 00| 0 eng d
010 ## - LCCN (DPL NO)
LC control number ENG-105099
020 ## - INTERNATIONAL STANDARD BOOK NUMBER
International Standard Book Number 9788183822954
Terms of availability 225.00
035 ## - SYSTEM CONTROL NUMBER
System control number EN-88632
037 ## - SOURCE OF ACQUISITION
Source of stock number/acquisition DBAD/PUB
040 ## - CATALOGING SOURCE
Original cataloging agency DPL
Language of cataloging Eng
082 ## - DEWEY DECIMAL CLASSIFICATION NUMBER
Classification number 370.78
100 ## - MAIN ENTRY--PERSONAL NAME
9 (RLIN) 44715
Personal name Kanwarjit Singh
245 ## - TITLE STATEMENT
Title Methodology of educational research /
Statement of responsibility, etc by Kanwarjit Singh
260 ## - PUBLICATION, DISTRIBUTION, ETC. (IMPRINT)
Place of publication, distribution, etc New Delhi
Name of publisher, distributor, etc Lotus Press
Date of publication, distribution, etc 2012
270 ## - ADDRESS
Address 4735/22,Prakash Deep Building,Ansari Road,Darya Ganj,
City New Delhi
Postal code 110002
300 ## - PHYSICAL DESCRIPTION
Extent 302p.
Dimensions 22cm(pbk)
500 ## - GENERAL NOTE
General note Includes index
942 ## - ADDED ENTRY ELEMENTS (KOHA)
Source of classification or shelving scheme Dewey Decimal Classification
Item type English Books
Call number suffix KAN
Classification part 370.78
Holdings
Withdrawn status Lost status Source of classification or shelving scheme Damaged status Not for loan Collection code Home library Current library Date acquired Source of acquisition Cost, normal purchase price Total Checkouts Full call number Barcode Date last seen Copy number Cost, replacement price Koha item type
    Dewey Decimal Classification   Not For Loan Non-fiction D.B.Act.Division D.B.Act.Division 25/04/2012 DBAD / PUB 225.00   370.78 KAN EN-88632 25/04/2012 1 225.00 English Books

© Delhi Public Library
Hit Counter
free hit counter